Cultural diversity : (Record no. 100)

MARC details
000 -LEADER
fixed length control field 00696nam a2200229 a 4500
005 - DATE AND TIME OF LATEST TRANSACTION
control field 20260322212006.0
008 - FIXED-LENGTH DATA ELEMENTS--GENERAL INFORMATION
fixed length control field data
020 ## - INTERNATIONAL STANDARD BOOK NUMBER
International Standard Book Number 0874251907
020 ## - INTERNATIONAL STANDARD BOOK NUMBER
International Standard Book Number 9780874251906
040 ## - CATALOGING SOURCE
Original cataloging agency ODT, Inc.
090 ## - LOCALLY ASSIGNED LC-TYPE CALL NUMBER (OCLC); LOCAL CALL NUMBER (RLIN)
Classification number (OCLC) (R) ; Classification number, CALL (RLIN) (NR) HF 5549.15 L194 1993
001 - CONTROL NUMBER
control field data
100 1# - MAIN ENTRY--PERSONAL NAME
Personal name LaMountain, Dianne
245 10 - TITLE STATEMENT
Title Cultural diversity :
Remainder of title a workbook for trainers /
Statement of responsibility, etc. Dianne LaMountain & Bob Abramms.
260 ## - PUBLICATION, DISTRIBUTION, ETC.
Place of publication, distribution, etc. Amherst, MA
Name of publisher, distributor, etc. HRD Press
Date of publication, distribution, etc. c1993
300 ## - PHYSICAL DESCRIPTION
Extent 1 v. (various pagings) :
Other physical details forms ;
Dimensions 30 cm.
500 ## - GENERAL NOTE
General note Includes bibliographical references.
650 #4 - SUBJECT ADDED ENTRY--TOPICAL TERM
Topical term or geographic name entry element Executives
General subdivision organization & administration
650 #4 - SUBJECT ADDED ENTRY--TOPICAL TERM
Topical term or geographic name entry element Intercultural communication.
650 02 - SUBJECT ADDED ENTRY--TOPICAL TERM
Topical term or geographic name entry element Personnel Management
700 1# - ADDED ENTRY--PERSONAL NAME
Personal name Abramms, Bob.
Holdings
Withdrawn status Lost status Damaged status Not for loan Home library Current library Shelving location Date acquired Total checkouts Full call number Barcode Date last seen Price effective from Koha item type
        Springfield Springfield General stacks 22/03/2026   GEN BC0010104 22/03/2026 22/03/2026 Books